| 000 | 01731nam a2200385 a 4500 | ||
|---|---|---|---|
| 001 | ebr10285577 | ||
| 003 | CaPaEBR | ||
| 006 | m u | ||
| 007 | cr cn||||||||| | ||
| 008 | 080715s2008 txuab sb s001 0 eng | ||
| 010 | _z 2008031022 | ||
| 020 | _z9780292718784 (cloth : alk. paper) | ||
| 020 | _z0292718780 (cloth : alk. paper) | ||
| 040 |
_aCaPaEBR _cCaPaEBR |
||
| 035 | _a(OCoLC)427155363 | ||
| 043 | _anp----- | ||
| 050 | 1 | 4 |
_aE99.K5 _bM44 2008eb |
| 082 | 0 | 4 |
_a978.004/97492 _222 |
| 100 | 1 |
_aMeadows, William C., _d1966- |
|
| 245 | 1 | 0 |
_aKiowa ethnogeography _h[electronic resource] / _cWilliam C. Meadows. |
| 250 | _a1st ed. | ||
| 260 |
_aAustin : _bUniversity of Texas Press, _c2008. |
||
| 300 |
_axv, 348 p. : _bill., maps. |
||
| 504 | _aIncludes bibliographical references (p. [325]-344) and index. | ||
| 505 | 0 | _aNative American ethnogeography and research -- Kiowa physical and cultural geography -- The Kiowa homeland -- Black goose's map of the Kiowa, Comanche, and Apache Reservation in Oklahoma Territory -- Contemporary Kiowa ethnogeography. | |
| 533 |
_aElectronic reproduction. _bPalo Alto, Calif. : _cebrary, _d2013. _nAvailable via World Wide Web. _nAccess may be limited to ebrary affiliated libraries. |
||
| 650 | 0 |
_aKiowa Indians _xSocial life and customs. |
|
| 650 | 0 |
_aNames, Geographical _xSocial aspects _zGreat Plains. |
|
| 650 | 0 |
_aCultural property _zGreat Plains. |
|
| 650 | 0 |
_aGeographical perception _zGreat Plains. |
|
| 651 | 0 |
_aGreat Plains _xSocial life and customs. |
|
| 655 | 7 |
_aElectronic books. _2local |
|
| 710 | 2 | _aebrary, Inc. | |
| 856 | 4 | 0 |
_uhttp://site.ebrary.com/lib/rucke/Doc?id=10285577 _zAn electronic book accessible through the World Wide Web; click to view |
| 999 |
_c1990 _d1990 |
||